| Поле | Инд. | ПП | Название | Значение |
|---|---|---|---|---|
| Тип записи | a | |||
| Библиографический уровень | b | |||
| 001 | Контрольный номер | RU/IS/BASE/160832178 | ||
| 005 | Дата корректировки | 20200615073620.2 | ||
| 008 | Кодируемые данные | 20050204 | ||
| 084 | a | Индекс другой классификации/Индекс ББК | 60.524.2 | |
| a | Индекс другой классификации/Индекс ББК | 60.561.3 | ||
| a | Индекс другой классификации/Индекс ББК | 60.53-42 | ||
| a | Индекс другой классификации/Индекс ББК | 60.028.13 | ||
| 100 | 1_ | a | Автор | Тощенко Ж. Т. |
| q | Полное имя | Тощенко Жан Терентьевич | ||
| 245 | a | Заглавие | Фантомы общественного сознания и поведения | |
| c | Ответственность | Послесловие В. Н. Иванова | ||
| 500 | a | Примечание | Послесловие об авторе ("Слово о юбиляре") на с.15 - 16 | |
| 504 | a | Библиография | Библиогр. ссылки | |
| 520 | a | Аннотация | "Цель настоящей статьи - дать анализ специфического феномена общественного сознания и поведения, проявления котрого автор называет фантомами", - поясняется в статье. "Фантомные явления, которые в латентном виде существовали всегда, в любую эпоху и в любом государстве, в период ломки устоев общественной жизни имеют тенденцию проявлять себя как значительное социальное явление, оказывающее весьма ощутимое влияние на происходящие в обществе процессы. Причем, их влияние носит в основном деструктивный характер, проявляется на всех уровнях социальной организации" | |
| 600 | a | Персоналии | Тощенко Жан Терентьевич | |
| 650 | a | Основная рубрика | политическая социология | |
| a | Основная рубрика | социальная философия | ||
| a | Основная рубрика | социология | ||
| a | Основная рубрика | социология личности | ||
| 653 | a | Ключевые слова | идеологическая борьба | |
| a | Ключевые слова | культура | ||
| a | Ключевые слова | наука | ||
| a | Ключевые слова | общественное сознание | ||
| a | Ключевые слова | парадоксальность поведения | ||
| a | Ключевые слова | парадоксальность сознания | ||
| a | Ключевые слова | парадоксальный человек | ||
| a | Ключевые слова | политика | ||
| a | Ключевые слова | Россия | ||
| a | Ключевые слова | социальное поведение | ||
| a | Ключевые слова | фантомные типы личности | ||
| a | Ключевые слова | фантомы | ||
| 700 | a | Автор | Иванов В. Н. | |
| e | Роль лиц | автор послесловия | ||
| 773 | t | Заглавие источника | Социологические исследования | |
| d | Дата издания источника | 2004 | ||
| g | Прочая информация | № 12. - С. 3 - 14 | ||
| w | Контрольный № источника | RU/IS/BASE/157478772 | ||
| 901 | t | Тип документа | b |